Statistics for Category Elimination - Country Flags #1

Click here to take the quiz!

General Stats

  • This quiz has been taken 99,813 times
  • The average score is 13 of 20

Answer Stats

Group#Category% Correct
Green96Country flags with green on them
100%
Green65... which have white on them
98%
Green23... which are not in Africa or Asia
95%
Green10... which are at least 33% green
92%
Blue104Country flags with blue on them
91%
Orange63Country flags with black on them
91%
Purple153Country flags with red on them
87%
Purple112... which have white on them
86%
Purple58... which have blue on them
85%
Orange20... with a black horizontal stripe
83%
Purple23... which have no other colors
83%
Blue23... which don't have white on them
74%
Orange12... which have green on them
56%
Green1... which has words on itBrazil
47%
Blue11... with a red stripe on them
43%
Orange5... which are not in Africa
39%
Blue6... with insignia* on them
29%
Orange1... without writing or stars on itUnited Arab
Emirates
19%
Purple1... with exactly two stars on itPanama
16%
Blue1... which is in AsiaMongolia
13%

Score Distribution

Percentile by Number Answered

Percent of People with Each Score

Your Score History

You have not taken this quiz